<?xml version="1.0" encoding="UTF-8"?>
<record
    xmlns:xsi="http://www.w3.org/2001/XMLSchema-instance"
    xsi:schemaLocation="http://www.loc.gov/MARC21/slim http://www.loc.gov/standards/marcxml/schema/MARC21slim.xsd"
    xmlns="http://www.loc.gov/MARC21/slim">

  <leader>00884nam a22002177a 4500</leader>
  <controlfield tag="005">20240111150532.0</controlfield>
  <datafield tag="010" ind1=" " ind2=" ">
    <subfield code="a">B-756397-402</subfield>
  </datafield>
  <datafield tag="020" ind1=" " ind2=" ">
    <subfield code="a">9789355736079</subfield>
    <subfield code="c">1099.00 Vol-2</subfield>
  </datafield>
  <datafield tag="035" ind1=" " ind2=" ">
    <subfield code="a">B-756397-402</subfield>
  </datafield>
  <datafield tag="037" ind1=" " ind2=" ">
    <subfield code="a">Parth Booksellers &amp; Distributors </subfield>
  </datafield>
  <datafield tag="082" ind1=" " ind2=" ">
    <subfield code="a">000</subfield>
  </datafield>
  <datafield tag="100" ind1=" " ind2=" ">
    <subfield code="a">Verma,K.S</subfield>
    <subfield code="9">60890</subfield>
  </datafield>
  <datafield tag="245" ind1=" " ind2=" ">
    <subfield code="a">JEE (Advanced) Organic Chemistry/</subfield>
    <subfield code="c">By K.S Verma </subfield>
  </datafield>
  <datafield tag="250" ind1=" " ind2=" ">
    <subfield code="a"> 3rd Edition</subfield>
  </datafield>
  <datafield tag="260" ind1=" " ind2=" ">
    <subfield code="a">New Delhi </subfield>
    <subfield code="b">Cengage Learning India Pvt. Ltd.</subfield>
    <subfield code="c">2023</subfield>
  </datafield>
  <datafield tag="270" ind1=" " ind2=" ">
    <subfield code="a">T-303, 3rd Floor DAV Comlex, Plot 3 Mayur Vihar Phase 1</subfield>
    <subfield code="b">New Delhi</subfield>
    <subfield code="e">110091</subfield>
  </datafield>
  <datafield tag="300" ind1=" " ind2=" ">
    <subfield code="a">Various Pages. (Vol -2 )</subfield>
    <subfield code="c">27cm(Pbk)</subfield>
  </datafield>
  <datafield tag="490" ind1=" " ind2=" ">
    <subfield code="v">Vol -2</subfield>
  </datafield>
  <datafield tag="942" ind1=" " ind2=" ">
    <subfield code="2">ddc</subfield>
    <subfield code="c">EN</subfield>
    <subfield code="h">000</subfield>
    <subfield code="m">VER</subfield>
  </datafield>
  <datafield tag="999" ind1=" " ind2=" ">
    <subfield code="c">199566</subfield>
    <subfield code="d">199566</subfield>
  </datafield>
  <datafield tag="952" ind1=" " ind2=" ">
    <subfield code="0">0</subfield>
    <subfield code="1">0</subfield>
    <subfield code="4">0</subfield>
    <subfield code="7">0</subfield>
    <subfield code="8">NFIC</subfield>
    <subfield code="a">L</subfield>
    <subfield code="b">L</subfield>
    <subfield code="d">2024-01-11</subfield>
    <subfield code="e">Parth Booksellers &amp; Distributors/2/29.11.23/43/23.11.23/1.12.23</subfield>
    <subfield code="g">1099.00</subfield>
    <subfield code="l">2</subfield>
    <subfield code="m">2</subfield>
    <subfield code="o">000 VER</subfield>
    <subfield code="p">B-756397</subfield>
    <subfield code="r">2024-12-30 00:00:00</subfield>
    <subfield code="s">2024-11-06</subfield>
    <subfield code="t">1</subfield>
    <subfield code="v">1099.00</subfield>
    <subfield code="w">2024-01-11</subfield>
    <subfield code="y">EN</subfield>
  </datafield>
  <datafield tag="952" ind1=" " ind2=" ">
    <subfield code="0">0</subfield>
    <subfield code="1">0</subfield>
    <subfield code="4">0</subfield>
    <subfield code="7">0</subfield>
    <subfield code="8">NFIC</subfield>
    <subfield code="a">M</subfield>
    <subfield code="b">M</subfield>
    <subfield code="d">2024-01-11</subfield>
    <subfield code="e">Parth Booksellers &amp; Distributors/2/29.11.23/43/23.11.23/1.12.23</subfield>
    <subfield code="g">1099.00</subfield>
    <subfield code="l">0</subfield>
    <subfield code="o">000 VER</subfield>
    <subfield code="p">B-756398</subfield>
    <subfield code="r">2024-01-11 00:00:00</subfield>
    <subfield code="t">1</subfield>
    <subfield code="v">1099.00</subfield>
    <subfield code="w">2024-01-11</subfield>
    <subfield code="y">EN</subfield>
  </datafield>
  <datafield tag="952" ind1=" " ind2=" ">
    <subfield code="0">0</subfield>
    <subfield code="1">0</subfield>
    <subfield code="4">0</subfield>
    <subfield code="7">0</subfield>
    <subfield code="8">NFIC</subfield>
    <subfield code="a">AV</subfield>
    <subfield code="b">AV</subfield>
    <subfield code="d">2024-01-11</subfield>
    <subfield code="e">Parth Booksellers &amp; Distributors/2/29.11.23/43/23.11.23/1.12.23</subfield>
    <subfield code="g">1099.00</subfield>
    <subfield code="l">0</subfield>
    <subfield code="o">000 VER</subfield>
    <subfield code="p">B-756399</subfield>
    <subfield code="r">2024-01-11 00:00:00</subfield>
    <subfield code="t">1</subfield>
    <subfield code="v">1099.00</subfield>
    <subfield code="w">2024-01-11</subfield>
    <subfield code="y">EN</subfield>
  </datafield>
  <datafield tag="952" ind1=" " ind2=" ">
    <subfield code="0">0</subfield>
    <subfield code="1">0</subfield>
    <subfield code="4">0</subfield>
    <subfield code="7">0</subfield>
    <subfield code="8">NFIC</subfield>
    <subfield code="a">BL1</subfield>
    <subfield code="b">BL1</subfield>
    <subfield code="d">2024-01-11</subfield>
    <subfield code="e">Parth Booksellers &amp; Distributors/2/29.11.23/43/23.11.23/1.12.23</subfield>
    <subfield code="g">1099.00</subfield>
    <subfield code="l">2</subfield>
    <subfield code="m">1</subfield>
    <subfield code="o">000 VER</subfield>
    <subfield code="p">B-756400</subfield>
    <subfield code="r">2025-04-29 00:00:00</subfield>
    <subfield code="s">2025-03-12</subfield>
    <subfield code="t">1</subfield>
    <subfield code="v">1099.00</subfield>
    <subfield code="w">2024-01-11</subfield>
    <subfield code="y">EN</subfield>
  </datafield>
  <datafield tag="952" ind1=" " ind2=" ">
    <subfield code="0">0</subfield>
    <subfield code="1">0</subfield>
    <subfield code="4">0</subfield>
    <subfield code="7">0</subfield>
    <subfield code="8">NFIC</subfield>
    <subfield code="a">ZLS</subfield>
    <subfield code="b">ZLS</subfield>
    <subfield code="d">2024-01-11</subfield>
    <subfield code="e">Parth Booksellers &amp; Distributors/2/29.11.23/43/23.11.23/1.12.23</subfield>
    <subfield code="g">1099.00</subfield>
    <subfield code="l">0</subfield>
    <subfield code="o">000 VER</subfield>
    <subfield code="p">B-756401</subfield>
    <subfield code="r">2024-01-11 00:00:00</subfield>
    <subfield code="t">1</subfield>
    <subfield code="v">1099.00</subfield>
    <subfield code="w">2024-01-11</subfield>
    <subfield code="y">EN</subfield>
  </datafield>
  <datafield tag="952" ind1=" " ind2=" ">
    <subfield code="0">0</subfield>
    <subfield code="1">0</subfield>
    <subfield code="4">0</subfield>
    <subfield code="7">0</subfield>
    <subfield code="8">NFIC</subfield>
    <subfield code="a">BL4</subfield>
    <subfield code="b">BL4</subfield>
    <subfield code="d">2024-01-11</subfield>
    <subfield code="e">Parth Booksellers &amp; Distributors/2/29.11.23/43/23.11.23/1.12.23</subfield>
    <subfield code="g">1099.00</subfield>
    <subfield code="l">2</subfield>
    <subfield code="m">2</subfield>
    <subfield code="o">000 VER</subfield>
    <subfield code="p">B-756402</subfield>
    <subfield code="r">2025-01-16 00:00:00</subfield>
    <subfield code="s">2024-12-05</subfield>
    <subfield code="t">1</subfield>
    <subfield code="v">1099.00</subfield>
    <subfield code="w">2024-01-11</subfield>
    <subfield code="y">EN</subfield>
  </datafield>
</record>
